• 首页
  • 本馆介绍
  • 公告通知
  • 最新文献
  • 馆藏检索
  • 电子资源
  • 读者导购
  • 参考咨询
  • 我的图书馆
  • 登录
  • 详细信息显示
  • 放入我的书架
  • 预约/预借图书
  • 作者相关作品
  • 分类相关作品
  • 丛书相关作品
  • 出版社相关作品

书目信息

  • 表格格式
  • 工作单格式
  • 卡片格式
题名:
2017年度注册会计师全国统一考试历年真题360°全解析
    
 
作者: ;注册会计师全国统一考试命题研究中心 编写
分册:   公司战略与风险管理
出版信息: 北京   中国经济出版社  2017.02
页数: 186页
开本: 26cm
丛书名:
单 册:
中图分类: F23-44 , F276.6-44
科图分类:
主题词: 注册会计师--考核--题解 , 公司--企业管理--考核--题解 , 公司--风险管理--考核--题解
电子资源:
ISBN: 978-7-5136-4541-6
000 01151nam0 2200301 450
001 0120172122175
005 20170911092751.23
010    @a978-7-5136-4541-6@dCNY28.00
100    @a20170306d2017 em y0chiy50 ea
101 0  @achi
102    @aCN@b110000
105    @ay q 000yy
106    @ar
200 1  @a2017年度注册会计师全国统一考试历年真题360°全解析@92017 nian du zhu ce kuai ji shi quan guo tong yi kao shi li nian zhen ti 360° quan jie xi@i公司战略与风险管理@f注册会计师全国统一考试命题研究中心编写
205    @a6版
210    @a北京@c中国经济出版社@d2017.02
215    @a186页@d26cm
300    @a中经版
330    @a本书包含2007年度至2016年度注册会计全国统一考试《公司战略与风险管理》试题及答案解析。
333    @a参加注册会计师全国统一考试的考生
606 0  @a注册会计师@x考核@j题解
606 0  @a公司@x企业管理@x考核@j题解
606 0  @a公司@x风险管理@x考核@j题解
690    @aF23-44@v5
690    @aF276.6-44@v5
711 02 @a注册会计师全国统一考试命题研究中心@9zhu ce kuai ji shi quan guo tong yi kao shi ming ti yan jiu zhong xin@4编写
801  0 @aCN@b人天书店@c20170306
905    @b1072566-71@dF23-44@e543=6@f6
    
    2017年度注册会计师全国统一考试历年真题360°全解析.公司战略与风险管理/注册会计师全国统一考试命题研究中心编写.-6版.-北京:中国经济出版社,2017.02
    186页;26cm
    中经版.-使用对象:参加注册会计师全国统一考试的考生
    
    ISBN 978-7-5136-4541-6:CNY28.00
    本书包含2007年度至2016年度注册会计全国统一考试《公司战略与风险管理》试题及答案解析。
●
相关链接 在E读中查询图书 在五车中查询图书 在当当中查询图书 在豆瓣中查询图书


正题名:2017年度注册会计师全国统一考试历年真题360°全解析     索取号:F23-44/543=6         预约/预借

序号 登录号 条形码 馆藏地/架位号 状态 备注
1 1072566   210725660   第一样本阅览室/ [索取号:F23-44/543=6] 在馆    
2 1072567   210725679   密集书库-海洋学院/ [索取号:F23-44/543=6] 在馆    
3 1072568   210725688   第一借阅区/ [索取号:F23-44/543=6] 在馆    
4 1072569   210725697   第一借阅区/ [索取号:F23-44/543=6] 在馆    
5 1072570   210725704   第一借阅区/ [索取号:F23-44/543=6] 在馆    
6 1072571   210725713   第一借阅区/ [索取号:F23-44/543=6] 在馆    
唐山师范学院图书馆 欢迎您!
大连网信软件有限公司© 版权所有